Donde nacen las tempestades /

Alaska. Las expediciones que envió Pedro el Grande. Peripecias de estas navegaciones. Los restos del "San Pedro". Otras expediciones. Las luchas de los nativos contra los colonizadores europeos. La búsqueda de nutrias.

Guardado en:
Formato: Deslizar
Series:Descubrimiento de América
Materias:
Etiquetas: Agregar Etiqueta
Sin Etiquetas, Sea el primero en etiquetar este registro!
LEADER 01028ngm a22002775g 4500
001 CEM.cems021483
008 130507b1992##################0###0#####d
005 20240826171925.0
245 0 0 |a Donde nacen las tempestades / 
300 |a 27 
490 0 |a Descubrimiento de América 
500 |a En soporte VHS, consultar en ventanilla. 
520 |a Alaska. Las expediciones que envió Pedro el Grande. Peripecias de estas navegaciones. Los restos del "San Pedro". Otras expediciones. Las luchas de los nativos contra los colonizadores europeos. La búsqueda de nutrias. 
538 |a Soporte: VHS - Norma: Pal N - Color - Grabación Drd 1992 - Hitachi=0000 
082 9 1 |/ DES 
653 |a HISTORIA AMERICANA 
653 |a AMERICA-GEOGRAFIA 
653 |a GEOGRAFIA 
653 |a ALASKA 
653 |a EXPEDICIONES 
653 |a COLONIZADORES 
653 |a NATIVOS 
653 |a ABORIGENES 
653 |a NIVEL PRIMARIO 
653 |a NIVEL SECUNDARIO 
859 |a CEMS  |b BIB. CEMS - Depto. Recursos Didacticos  |h 918  |i DES  |k DRD  |p 126.12  |t Ej.1